000 00733nam a22002417a 4500
001 7677
003 FISKH
005 20250731082031.0
008 250731b cb ||||| |||| 00| 0 eng d
040 _aFISKH
_beng
_cFISKH
_dFISKH
050 _aPZ7
100 _aCretan, Gladys Yessayan
245 _aFour for cribbage /
_cby Gladys Yessayan Cretan : pictures by Diane Dawson
260 _aBoston :
_bHoughton Mifflin Company ,
_c1981.
300 _a16 pages :
_bcolor illustrations ;
_c24 cm .
490 _aHoughton Mifflin Reading Program
505 _aE
521 8 _a200
_bLexile estimate
521 8 _aE
_bRaz-Plus
700 _aDawson, Diane
_eIllustrator
942 _2ddc
_cBK
_n0
999 _c7677
_d7677